| 000 | 00353nam a2200145Ia 4500 | ||
|---|---|---|---|
| 008 | 150201s2005 xx 000 0 und d | ||
| 082 |
_a603 _bN2005W |
||
| 100 | _aWELLER,BARBARA | ||
| 245 | _aNURSES DICTIONARY FOR NURSES & HEALTH | ||
| 250 | _a24TH | ||
| 260 |
_bELSEVIER _aDELHI _c2005 |
||
| 300 | _a1-567 | ||
| 650 | _aDICTIONARIES | ||
| 942 |
_2ddc _cBK |
||
| 999 |
_c4028 _d4028 |
||